|
|
|
|
| LEADER |
00000nam0a2200000 4500 |
| 001 |
111222 |
| 005 |
20231031120744.0 |
| 020 |
|
|
|a RU
|b 81-26299
|
| 035 |
|
|
|a (RuTPU)RU\TPU\book\120118
|
| 090 |
|
|
|a 111222
|
| 100 |
|
|
|a 20070312d1981 km a0rusy5003 ca
|
| 101 |
0 |
|
|a rus
|
| 102 |
|
|
|a UA
|
| 105 |
|
|
|a a z 001zy
|
| 200 |
1 |
|
|a АСУ ТП. Автоматизация проектирования комплекса устройств автоматики
|f В. И. Скурихин, В. В. Дубровский, В. Б. Шифрин
|g Академия наук Украинской ССР, Институт кибернетики (АН УССР ИК) ; под ред. В. А. Скурихина
|
| 210 |
|
|
|a Киев
|c Наукова думка
|d 1981
|
| 215 |
|
|
|a 283 с.
|c ил.
|
| 610 |
1 |
|
|a АСУ ТП
|
| 610 |
1 |
|
|a автоматизация
|
| 610 |
1 |
|
|a проектирование
|
| 610 |
1 |
|
|a автоматика
|
| 610 |
1 |
|
|a формализация
|
| 610 |
1 |
|
|a газовая промышленность
|
| 675 |
|
|
|a 65.011.56
|
| 700 |
|
1 |
|a Скурихин
|b В. И.
|g Владимир Ильич
|
| 701 |
|
1 |
|a Дубровский
|b В. В.
|g Владимир Васильевич
|
| 701 |
|
1 |
|a Шифрин
|b В. Б.
|g Владимир Борисович
|
| 702 |
|
1 |
|a Скурихин
|b В. А.
|g Владимир Ильич
|4 340
|
| 712 |
0 |
2 |
|a Академия наук Украинской ССР
|b Институт кибернетики (АН УССР ИК)
|2 stltpush
|3 (RuTPU)RU\TPU\col\11437
|
| 801 |
|
0 |
|a RU
|b RuMRKP
|c 19950704
|g psbo
|
| 801 |
|
1 |
|a RU
|b 63413507
|c 20070312
|g PSBO
|
| 801 |
|
2 |
|a RU
|b 63413507
|c 20160419
|g PSBO
|
| 942 |
|
|
|c BK
|